| Tag |
First Indicator |
Second Indicator |
Subfields |
| LEADER |
00000cam a2200000Ia 4500 |
| 001 |
in00002020697 |
| 005 |
20151031165958.0 |
| 008 |
970603s1995 ru 000 1 rus d |
| 035 |
|
|
|a (OCoLC)ocm37006845
|
| 040 |
|
|
|a IUL
|c IUL
|d OCL
|d OCLCQ
|d TXA
|d UtOrBLW
|
| 043 |
|
|
|a e-ur---
|
| 049 |
|
|
|a TXAM
|
| 090 |
|
|
|a PG3467.K34
|b L58 1995
|
| 100 |
1 |
|
|a Karnovich, E. P.
|q (Evgenīĭ Petrovich),
|d 1823-1885.
|
| 245 |
1 |
0 |
|a Li︠u︡bovʹ i korona :
|b istoricheskiĭ roman iz vremen imperatrit︠s︡y Anny Ivanovny i regentstva print︠s︡essy Anny Leopolʹdovny /
|c Evgeniĭ Karnovich ; [posleslovie Konstantina Novikova].
|
| 264 |
|
1 |
|a Moskva :
|b "Panorama",
|c 1995.
|
| 300 |
|
|
|a 238 pages ;
|c 21 cm.
|
| 336 |
|
|
|a text
|b txt
|2 rdacontent
|
| 337 |
|
|
|a unmediated
|b n
|2 rdamedia
|
| 338 |
|
|
|a volume
|b nc
|2 rdacarrier
|
| 490 |
1 |
|
|a Biblioteka istoricheskogo romana
|
| 600 |
0 |
0 |
|a Anna,
|c Empress of Russia,
|d 1693-1740
|v Fiction.
|
| 600 |
0 |
0 |
|a Anna Leopolʹdovna,
|c Princess Regent of Russia,
|d 1718-1746
|v Fiction.
|
| 651 |
|
0 |
|a Russia
|x History
|y Anna, 1730-1740
|v Fiction.
|
| 830 |
|
0 |
|a Biblioteka istoricheskogo romana.
|
| 948 |
|
|
|a cataloged
|b h
|c 2005/1/25
|d c
|e spoltoratski
|f 12:51:58 pm
|
| 994 |
|
|
|a E0
|b TXA
|
| 999 |
|
|
|a MARS
|
| 999 |
f |
f |
|s 722d9871-4f18-3fcd-9ad1-2cce0b27cf9f
|i 46b1b637-f5b9-3cfd-8e6e-c510318f100d
|t 0
|
| 952 |
f |
f |
|p ric
|a Texas A&M University
|b Rellis Campus
|c Joint Library Facility
|d Remote Storage
|t 0
|e PG3467.K34 L58 1995
|h Library of Congress classification
|i unmediated -- volume
|m A14831757310
|
| 998 |
f |
f |
|a PG3467.K34 L58 1995
|t 0
|l Remote Storage
|